000 00372nam a2200145Ia 4500
008 090122s9999 xx 000 0 und d
082 _b10077
100 _aगस्ती
_bभीमराव
245 _aआक्रोश
600 _aगस्ती
630 _aआक्रोश
700 _aगस्ती
730 _aआक्रोश
942 _cBOOK
999 _c34154
_d34154